书目信息 |
| 题名: |
哲学漫谈
|
|
| 作者: | 陈扬炯 著 | |
| 分册: | ||
| 出版信息: | 北京 中国青年出版社 1980 |
|
| 页数: | 374页 | |
| 开本: | 19cm | |
| 丛书名: | ||
| 单 册: | ||
| 中图分类: | B-49 , B2 | |
| 科图分类: | ||
| 主题词: | 哲学--通俗读物 , 哲学--中国 | |
| 电子资源: | ||
| ISBN: | ||
| 000 | 00613nam0 2200253 45 | |
| 001 | 1136541146 | |
| 005 | 20110928101031.31 | |
| 010 | @dCNY0.93 | |
| 091 | @aCN@b2009.44 | |
| 100 | @a19950619d1980 em y0chiy0121 ea | |
| 101 | 0 | @achi |
| 102 | @aCN@b110000 | |
| 105 | @ay z 000yy | |
| 200 | 10 | @a哲学漫谈@Azhe xue man tan@f陈扬炯著 |
| 210 | @a北京@c中国青年出版社@d1980 | |
| 215 | @a374页@d19cm | |
| 606 | 0 | @a哲学@x通俗读物 |
| 606 | 0 | @a哲学@x中国 |
| 690 | @aB-49@v3 | |
| 690 | @aB2@v4 | |
| 701 | 0 | @a陈扬炯@Achen yang jiong@4著 |
| 801 | 0 | @aCN@bTSSF |
| 801 | 2 | @aCN@bNLC |
| 905 | @a10447@dB2@eJY46 | |
| 哲学漫谈/陈扬炯著.-北京:中国青年出版社,1980 |
| 374页;19cm |
| ISBN :CNY0.93 |
| ● |
| 相关链接 |
|
|
|
|
正题名:哲学漫谈
索取号:B2/JY46
 
预约/预借
| 序号 | 登录号 | 条形码 | 馆藏地/架位号 | 状态 | 备注 |
| 1 | 7824445 | 278244455 | 学院路分馆/ [索取号:B2/JY46] | 在馆 | |
| 2 | 7824446 | 278244464 | 学院路分馆/ [索取号:B2/JY46] | 在馆 | |
| 3 | 7824447 | 278244473 | 学院路分馆/ [索取号:B2/JY46] | 在馆 |